banner-ar

الرسم كيف نتذوقة : عناصر التكوين / (Record no. 48349)

MARC details
000 -الفاتح
حقل البيانات ثابتة الطول 00613nam a2200217Ia 4500
008 - عناصر البيانات ثابتة الطول - معلومات عامة
حقل البيانات ثابتة الطول 140319s9999 xx 000 0 ara d
040 ## - مصدر الفهرسة
وكالة الفهرسة الأصلية GCL /
وكالة النسخ GCL
082 04 - رقم تصنيف ديوى العشرى
رقم التصنيف 740
رقم المادة م ر
100 1# - المدخل الرئيسى - إسم شخصى
الإسم الشخصى سلمان داود الواسطى
245 10 - بيان العنوان
العنوان الرسم كيف نتذوقة : عناصر التكوين /
بيان المسئوليه,etc سلمان داود الواسطى
700 1# - المدخل الاضافى - اسم شخصى
الإسم الشخصى مالتز , فريدريك
700 1# - المدخل الاضافى - اسم شخصى
الإسم الشخصى هادى الطائى
300 ## - الوصف المادى
التعداد 234 ص
490 ## - بيان السلسلة
عنوان السلسلة
650 04 - المدخل الاضافى بالموضوع-مصطلح موضوعى
مصطلح موضوعي الفن
650 04 - المدخل الاضافى بالموضوع-مصطلح موضوعى
مصطلح موضوعي الفنون
650 04 - المدخل الاضافى بالموضوع-مصطلح موضوعى
مصطلح موضوعي الرسم
650 04 - المدخل الاضافى بالموضوع-مصطلح موضوعى
مصطلح موضوعي عناصر التكوين
942 ## - عناصر المدخل الإضافي( كوها)
مصدر التصنيف او مخطط الترفيف Dewey Decimal Classification
Koha [default] item type كتاب
Holdings
حالة التراجع حالة الفقد حالة تلف ليس للاعارة المكان المؤقت الموقع الحالى تاريخ الاكتساب اجمالي اﻻعارات رقم الطلب الباركود تاريخ اخر مشاهدة تاريخ تفعيل السعر نوع وعاء كوها
        مكتبة القاهرة الكبرى مكتبة القاهرة الكبرى 03/26/2014   740\م ر 116754 03/26/2014 03/26/2014 كتاب
        مكتبة القاهرة الكبرى مكتبة القاهرة الكبرى 03/26/2014   740\م ر 116755 03/26/2014 03/26/2014 كتاب

Powered By

EGPV